00466 2200181 4500001002100000005001500021008004100036020002200077035001900099041000700118082001100125090001600136100002100152245003100173260003300204300002600237650002100263INLIS00000000001536520241224114923241224||||||||| | ||| |||| || |  a978-979-769-679-5 0010-1224015365 aid0 a344.01 a344.01 ASA.0 aALOYSIUS Uwiyono00aAsas-asas hukum perburuhan aJakartabRajawali Persc2014 aviii, 160 hlm.; 24 cm 0aHukum Perburuhan